| 000 | 00893cab a2200217 4500 | ||
|---|---|---|---|
| 001 | ABS39348 | ||
| 008 | 090401t1988 xxu||||| |||| 00| 0 eng d | ||
| 035 | _a(Sirsi) u16072 | ||
| 041 | _aeng | ||
| 100 | _aMcCarthy, R. | ||
| 245 | _aCopyright of plans deposited under the Building Regulations | ||
| 260 | _c1988 | ||
| 350 | _a0 | ||
| 490 |
_aArchitect and Surveyor _v63(3) June 1988, 13-14(2) |
||
| 520 | _aA barrister gives his legal opinion on public access to building plans deposited with the local authority under the provisions of the Building Act 1984 and the Building Regulations 1985 . Concludes that plans are not documents which come within the provisions of the Local Government Act 1972 ss225 and 228 and that the public do not have a right of inspection. | ||
| 650 | _aCOPYRIGHT | ||
| 650 | _aLOCAL AUTHORITIES | ||
| 690 | _aLAW | ||
| 942 | _n0 | ||
| 948 | _c04/03/1997 | ||
| 999 |
_c10569 _d10569 |
||